10 ஆம் தரம் விஞ்ஞாணம் - II

Saved in:
Bibliographic Details
Format: Book
Subjects:
500
Tags: Add Tag
No Tags, Be the first to tag this record!

MARC

LEADER 00000nam a22000007a 4500
005 20220829093634.0
020 |a 9789556645439 
041 |a TAM 
082 |a 500 
245 |a  10 ஆம் தரம் விஞ்ஞாணம் - II  
300 |a 104;  |b 24, 
650 |a 500 
942 |2 ddc  |c LBK 
999 |c 54409  |d 54409